000 00739nam a22001817a 4500
005 20241016160640.0
010 _aHIN-128553
020 _a9789359203737
_c250.00
035 _aHN-100899
037 _bDBAD
082 _a153.1
100 _aतरुण
_972886
245 _aजो चाहोगे वही पाओगे /
_cतरुण
260 _aनई दिल्ली
_bडायमंड पॉकेट बुक्स
_c2023
270 _aX-30, ओखला इंडस्ट्रियल एरिया, फेज-2
_bनई दिल्ली
_e110020
_k011-40712200
_msales@dpb.in
300 _a194 पृ.
_c21 सेमी (अजिल्द)
942 _cHN
_2ddc
_h153.1
_mतरुण
999 _c206444
_d206444